[Event "Aragon-chT Preferente Gr-I"]
[Site "Aragon"]
[Date "2020.02.22"]
[Round "5.41"]
[White "Hernandez Delgado, Gabriel"]
[Black "Buisan Zaharia, Pedro"]
[Result "1/2-1/2"]
[WhiteElo "1876"]
[BlackElo "1904"]
[PlyCount "104"]
[EventDate "2020.01.25"]
[EventType "team-tourn"]
[EventRounds "9"]
[EventCountry "ESP"]
[SourceTitle "EXT 2022"]
[Source "ChessBase"]
[SourceDate "2021.10.06"]
[SourceVersion "1"]
[SourceVersionDate "2021.10.06"]
[SourceQuality "1"]
[WhiteTeam "El Olivar III"]
[BlackTeam "Jaque II"]
[WhiteTeamCountry "ESP"]
[BlackTeamCountry "ESP"]

1. d4 d6 2. Bf4 Nf6 3. Nc3 Bf5 4. Nf3 Nbd7 5. Nh4 Bg6 6. Nxg6 hxg6 7. e4 e5 8. Bg5 Be7 9. Be3 c6 10. dxe5 dxe5 11. f3 Qc7 12. Qe2 0-0 13. Qf2 b5 14. Be2 a5 15. 0-0 a4 16. a3 Qa5 17. Rfc1 b4 18. Nb1 Rfb8 19. Nd2 Nb6 20. axb4 Qxb4 21. Ra2 Nfd7 22. c3 Qd6 23. Nc4 Qe6 24. Nxb6 Nxb6 25. Raa1 Nc4 26. Bxc4 Qxc4 27. Qf1 Qb3 28. Qd1 Qxd1+ 29. Rxd1 a3 30. bxa3 Rxa3 31. Rxa3 Bxa3 32. Kf2 Kf8 33. Ke2 Ke7 34. Kd3 Rd8+ 35. Kc2 Rxd1 36. Kxd1 Kd6 37. Kc2 Bc5 38. Bc1 f5 39. Bg5 Bb6 40. Kb3 Bc5 41. Kc4 Bb6 42. Bc1 Bc5 43. Bb2 Be3 44. Ba3+ c5 45. Kb5 f4 46. Bb2 g5 47. h3 Bf2 48. Ba3 Be3 49. Bb2 Bf2 50. Kb6 Be3 51. c4 Bd4 52. Bc1 Be3 1/2-1/2

[Event "Aragon-chT Preferente Gr-I"]
[Site "Aragon"]
[Date "2020.02.01"]
[Round "2.48"]
[White "Buisan Zaharia, Pedro"]
[Black "Hinojar Basa, Alfonso"]
[Result "1/2-1/2"]
[WhiteElo "1904"]
[BlackElo "2170"]
[PlyCount "55"]
[EventDate "2020.01.25"]
[EventType "team-tourn"]
[EventRounds "9"]
[EventCountry "ESP"]
[SourceTitle "EXT 2022"]
[Source "ChessBase"]
[SourceDate "2021.10.06"]
[SourceVersion "1"]
[SourceVersionDate "2021.10.06"]
[SourceQuality "1"]
[WhiteTeam "Jaque II"]
[BlackTeam "Marcos Frechin"]
[WhiteTeamCountry "ESP"]
[BlackTeamCountry "ESP"]

1. d4 Nf6 2. Nf3 e6 3. c4 d5 4. e3 b6 5. Bd3 Bb7 6. 0-0 Bd6 7. Nc3 a6 8. Qe2 Ne4 9. cxd5 exd5 10. Bxe4 dxe4 11. Nd2 0-0 12. Ndxe4 Bxe4 13. Nxe4 Bxh2+ 14. Kxh2 Qh4+ 15. Kg1 Qxe4 16. f3 Qd5 17. Rd1 f5 18. Bd2 c6 19. b3 Nd7 20. Rac1 Rfc8 21. Qc4 b5 22. Qxd5+ cxd5 23. Kf2 Kf7 24. Ke2 Ke6 25. Kd3 Nf6 26. Be1 Ng8 27. Bb4 Nf6 28. Be1 1/2-1/2

[Event "ESP-chT CECLUB Div2"]
[Site "Linares"]
[Date "2017.08.09"]
[Round "3.6"]
[White "Buisan Zaharia, Pedro"]
[Black "Millan Soto, Miguel"]
[Result "0-1"]
[WhiteElo "1874"]
[BlackElo "2083"]
[PlyCount "76"]
[EventDate "2017.08.08"]
[EventType "team"]
[EventRounds "7"]
[EventCountry "ESP"]
[SourceTitle "CBM 179 Extra"]
[Source "ChessBase"]
[SourceDate "2017.08.23"]
[SourceVersion "1"]
[SourceVersionDate "2017.08.23"]
[SourceQuality "1"]
[WhiteTeam "Jaque"]
[BlackTeam "Circulo Ferrolano de Ajedrez"]
[WhiteTeamCountry "ESP"]
[BlackTeamCountry "ESP"]

1. d4 d6 2. Nf3 Nf6 3. Bf4 Nbd7 4. e3 Nh5 5. Bg3 Nxg3 6. hxg3 g6 7. Be2 Bg7 8. 0-0 0-0 9. c4 e5 10. Nc3 Re8 11. Qd2 e4 12. Ne1 c6 13. Nc2 f5 14. b4 Nf6 15. a4 a5 16. b5 c5 17. Rfd1 Be6 18. Rac1 Rc8 19. Na3 b6 20. dxc5 dxc5 21. Qc2 Qc7 22. Nd5 Qb7 23. Qb3 Rcd8 24. Nb1 Nxd5 25. cxd5 Rxd5 26. Bc4 Rxd1+ 27. Rxd1 Bxc4 28. Qxc4+ Qf7 29. Qxf7+ Kxf7 30. Na3 Be5 31. Nc4 Bc7 32. Nd6+ Bxd6 33. Rxd6 Re6 34. Rd7+ Kf6 35. Rxh7 Ke5 36. f3 Kd5 37. Kf2 Kc4 38. Rh1 Kb3 0-1

[Event "EU School-ch U13"]
[Site "Kallithea"]
[Date "2016.06.20"]
[Round "4"]
[White "Buisan Zaharia, Pedro"]
[Black "Gitin, Amit"]
[Result "0-1"]
[WhiteElo "1639"]
[BlackElo "1772"]
[PlyCount "90"]
[EventDate "2016.06.17"]
[EventType "swiss"]
[EventRounds "9"]
[EventCountry "GRE"]
[SourceTitle "EXT 2017"]
[Source "ChessBase"]
[SourceDate "2016.10.25"]
[SourceVersion "1"]
[SourceVersionDate "2016.10.25"]
[SourceQuality "1"]

1. d4 Nf6 2. Nf3 g6 3. Bf4 Bg7 4. e3 d6 5. Be2 Nc6 6. 0-0 0-0 7. h3 Bf5 8. Nbd2 Qe8 9. c4 e5 10. Bh2 h5 11. Rc1 e4 12. Ne1 Qd7 13. h4 Bh6 14. Nc2 Qe7 15. c5 d5 16. b4 Bg4 17. b5 Nd8 18. Bf4 Bxf4 19. exf4 Re8 20. g3 a6 21. bxa6 bxa6 22. Ne3 Bxe2 23. Qxe2 Nc6 24. Nb3 Qd7 25. Kg2 a5 26. Rfd1 Reb8 27. Rc3 Rb4 28. Nc2 Rb7 29. Ne3 Rab8 30. Rc2 a4 31. Nc1 Ng4 32. Rdd2 Nxe3+ 33. Qxe3 Na5 34. Qc3 Nc4 35. Re2 Rb1 36. f3 f5 37. fxe4 fxe4 38. Rxe4 dxe4 39. Qxc4+ Qf7 40. Qxa4 Qd5 41. Kf2 R1b4 42. Qa6 Qxd4+ 43. Ke2 Kf7 44. Qc6 Rb2 45. Qxc7+ Kf8 0-1

[Event "Aragon-chT Preferente A"]
[Site "Aragon"]
[Date "2016.03.19"]
[Round "8.36"]
[White "Buisan Zaharia, Pedro"]
[Black "Muro Turon, Raul"]
[Result "0-1"]
[WhiteElo "1584"]
[BlackElo "1909"]
[PlyCount "79"]
[EventDate "2016.01.30"]
[EventType "team-tourn"]
[EventRounds "9"]
[EventCountry "ESP"]
[SourceTitle "EXT 2018"]
[Source "ChessBase"]
[SourceDate "2017.10.13"]
[SourceVersion "1"]
[SourceVersionDate "2017.10.13"]
[SourceQuality "1"]
[WhiteTeam "Jaque"]
[BlackTeam "Tauste"]
[WhiteTeamCountry "ESP"]
[BlackTeamCountry "ESP"]

1. d4 Nf6 2. Nf3 d5 3. Bf4 c5 4. e3 Nc6 5. c3 Qb6 6. Qc1 Bf5 7. Nbd2 cxd4 8. exd4 e6 9. Be2 Be7 10. h3 0-0 11. 0-0 Rac8 12. Re1 h6 13. Nf1 Ne4 14. Ne3 Bh7 15. Ng4 Nd6 16. Nge5 Nxe5 17. Nxe5 Rfd8 18. Bd3 Bxd3 19. Nxd3 Ne4 20. f3 Nd6 21. Kh1 Nf5 22. Be3 Bh4 23. Rd1 Ng3+ 24. Kh2 Nf5 25. Qd2 Nd6 26. b3 Qc7 27. Rac1 Nc4+ 28. Bf4 Nxd2 29. Bxc7 Nxf3+ 30. gxf3 Rxc7 31. Ne5 Bg5 32. Rc2 Bf4+ 33. Kg2 Bxe5 34. dxe5 Rdc8 35. Rdc1 b5 36. Kg3 a5 37. Kf4 Kf8 38. Ke3 Ke7 39. Kd4 h5 40. Rb2 0-1